[Event "Winterthur"]
[Site "Winterthur"]
[Date "1996.??.??"]
[Round "6"]
[White "Hjartarson, Johann"]
[Black "King, Daniel J"]
[Result "1-0"]
[WhiteElo "2565"]
[BlackElo "2535"]
[Annotator "Hjartarson,J"]
[PlyCount "67"]
[EventDate "1996.09.??"]
[EventType "tourn"]
[EventRounds "11"]
[EventCountry "SUI"]
[EventCategory "9"]
[SourceTitle "CBM 055"]
[Source "ChessBase"]
[SourceDate "1996.12.01"]
[SourceVersion "1"]
[SourceVersionDate "1996.12.01"]
[SourceQuality "1"]

1. d4 Nf6 2. c4 e6 3. Nf3 d5 4. Nc3 Be7 5. Bf4 O-O 6. e3 c5 7. dxc5 Bxc5 8. a3
Nc6 9. Qc2 Qa5 10. O-O-O Be7 11. h4 dxc4 12. Bxc4 a6 13. Ng5 b5 (13... h6 14.
Nce4 Nxe4 15. Qxe4 Qf5 16. Qxf5 exf5 17. Nf3 Bf6 18. Kb1 Be6 19. Bxe6 fxe6 20.
Bd6 Rfd8 {1/2-1/2, Sokolov,I 2670-Beljavskij,A 2620, Erevan (ol) 1996}) 14.
Nce4 g6 15. Bb3 (15. Bd6 $5) 15... Bb7 16. Nxf6+ (16. h5 $2 Nxe4 17. Nxe4 Rac8
$132) 16... Bxf6 17. Ne4 (17. Rd7 $2 Rac8 18. Rxb7 Ne5 $17) (17. Nxh7 $5 Kxh7
18. h5 $40) 17... Be5 $1 $146 (17... Be7 $2 18. Rd7 e5 $2 (18... Nb4 $5 19. Bc7
$1 (19. axb4 $2 Qa1+ 20. Kd2 Bxb4+ 21. Ke2 Qxh1 22. Rxb7 Qxh4 $13) 19... Nxc2
20. Bxa5 Bxe4 21. Rxe7 Rfc8 22. Kd2 $16) (18... Rac8 19. Rxb7 Nb4 20. Bc7 Nxc2
21. Bxa5 Na1+ 22. Bc2 $1 Rxc2+ 23. Kb1 $18) 19. Rxb7 $18 {Inf/65/(402)}) (17...
Bg7 18. Nc5 Rac8 19. Nxb7 Qb6 20. Nd6 Ne7 21. Nxc8 Rxc8 22. Rd6 Rxc2+ 23. Bxc2
Qa5 24. Bg5 $16) 18. Nc5 (18. h5 $6 Bxf4 19. exf4 Rac8 20. hxg6 hxg6 $13 (20...
Nb4 21. Nf6+ Kg7 22. Nh5+ Kg8 23. Nf6+ $10)) 18... Bxf4 19. exf4 Qc7 20. Kb1
Rad8 21. Nxb7 Qxb7 22. Qe4 b4 23. a4 (23. axb4 $5 Qxb4 24. Qxb4 Nxb4 25. Bc4
$14) 23... Qb6 $2 (23... Na5 $1 24. Qxb7 (24. Bc2 Qxe4 25. Bxe4 Nb3 $1) 24...
Nxb7 25. Bc4 Nc5 $10) 24. h5 Na5 (24... Rd4 25. Rxd4 Nxd4 26. Bc4 $16) 25. Rxd8
$1 Qxd8 (25... Rxd8 $2 26. hxg6 Nxb3 27. gxh7+ Kg7 28. Qd3 $1 Qd4 (28... Nd4
29. h8=Q+ Rxh8 30. Qg3+ $16) 29. Qxb3 $18) 26. Bc2 Qf6 $2 $138 (26... Qd6 27.
hxg6 hxg6 28. Rd1 Qb6 29. Qd4 $16) 27. Qxb4 $18 Nc6 28. Qc3 Nd4 29. Rd1 Rd8 30.
hxg6 hxg6 31. Be4 (31. Qc7 $1) 31... Rd6 $2 (31... e5 32. g3 $1 exf4 33. gxf4
$18) 32. Qc7 e5 33. Qb8+ $1 Kg7 34. Rh1 $138 1-0

[Event "Winterthur"]
[Site "Winterthur"]
[Date "1996.??.??"]
[Round "10"]
[White "Hjartarson, Johann"]
[Black "Kelecevic, Nedeljko"]
[Result "1/2-1/2"]
[WhiteElo "2565"]
[BlackElo "2475"]
[Annotator "Hjartarson,J"]
[PlyCount "101"]
[EventDate "1996.09.??"]
[EventType "tourn"]
[EventRounds "11"]
[EventCountry "SUI"]
[EventCategory "9"]
[SourceTitle "CBM 055"]
[Source "ChessBase"]
[SourceDate "1996.12.01"]
[SourceVersion "1"]
[SourceVersionDate "1996.12.01"]
[SourceQuality "1"]

1. d4 Nf6 2. c4 e6 3. Nf3 d5 4. Nc3 Be7 5. Bf4 O-O 6. e3 c5 7. dxc5 Qa5 $5 8.
a3 dxc4 9. Bxc4 Qxc5 10. Qe2 Nd5 $146 (10... a6 11. b4 Qh5 12. O-O b5 13. Bd3
Bb7 14. e4 Nbd7 15. h3 Rac8 16. Rac1 Nb6 $2 (16... Rfd8 17. Rfd1 $14) 17. Qe3
Nfd7 18. Ne2 f6 19. Bc7 $1 Na8 20. Ba5 $16 {Tal,M-Zuidema,C/Wijk aan Zee/1973/
Inf/15/488}) (10... Nc6 11. b4 Qh5 12. O-O (12. h3 Nd5 13. Nxd5 (13. Bxd5 $5
exd5 14. Rd1 $14) 13... exd5 14. Bd3 Bf6 15. Rc1 Bf5 16. O-O Be4 $10 {
Pelletier,Y-Kelecevic,N/SWZ-chT ;EXT 94ch 1994}) (12. e4 $6 Qg4 $1 13. g3 (13.
Bg3 Nh5 $10) 13... Rd8 14. Qe3 Nh5 $1 $10 {Farago,I-Kovacs,M/Magyarorszag/1969/
Inf/7/478/0-1(31)}) 12... Nd5 13. Nxd5 exd5 14. Bb3 Be6 $2 (14... Bg4 15. h3
Bxf3 16. Qxf3 Qxf3 17. gxf3 $14) 15. Qb5 $1 $16 {Hoeksema,E-Konings,L/NLD-ch
sf Enschede (01) ;EXT 92ch 1992/1-0 (42)}) 11. Nxd5 exd5 12. Bd3 Qa5+ $1 13.
Qd2 (13. Nd2 $5 $14) 13... Qxd2+ 14. Kxd2 Nc6 15. b4 Bf6 16. Rab1 Bg4 17. Rhc1
Rac8 18. Rc5 Rfd8 19. Bg5 Bxg5 20. Nxg5 h6 21. h3 hxg5 $2 (21... Bh5 $1 22. Nf3
$5 (22. g4 hxg5 23. gxh5 b6 24. Rc3 (24. Rc2 Ne5 25. Rxc8 Rxc8 26. Bf5 Rc7 $10)
24... Ne5 $10) 22... Bxf3 23. gxf3 b6 24. Rc2 Ne5 25. Rbc1 Rxc2+ 26. Rxc2 Nxf3+
27. Ke2 Ng1+ (27... Ne5 28. Rc7 $44) 28. Kf1 Nxh3 29. Rc7 $44) 22. hxg4 b6 23.
Rc3 $1 $16 Ne5 24. Be2 d4 (24... Nc4+ 25. Ke1 b5 26. Rd1 $16) (24... Rxc3 25.
Kxc3 Rc8+ 26. Kd4 $16 Rc2 $140 27. Bd1 $1 Nc6+ 28. Kxd5 Ne7+ 29. Kd6 Nc8+ 30.
Kd7 $18) 25. exd4 Rxd4+ 26. Ke3 Rxc3+ $2 (26... Rcd8 27. f3 Kf8 28. Rc7 R4d7
29. Rbc1 $16) 27. Kxd4 Rc7 28. Kxe5 Re7+ 29. Kd6 Rxe2 30. Kc6 $1 Rxf2 31. Kb7
Rxg2 32. Kxa7 Rxg4 33. Kxb6 $18 f5 34. a4 f4 35. a5 f3 36. a6 Rf4 37. a7 Rf8
38. Rf1 g4 39. b5 Kh7 40. Kb7 $4 {A matter of sheer carelessness, with 3
minutes remaining I thought everything was winning, not paying attetion to
Black s devious trick.} (40. Kc5 $1 Rc8+ (40... g3 41. Rxf3 Rxf3 42. a8=Q g2
43. Qe4+ Kg8 44. Qg4 $18) 41. Kb4 $18) 40... g3 $1 41. Rxf3 $8 Rxf3 42. a8=Q g2
43. Qe8 $1 Rg3 (43... g1=Q 44. Qh5+ Kg8 45. Qxf3 $16) 44. Qh5+ Kg8 45. Qd5+ Kh7
46. Qf5+ Kh8 47. Qh5+ Kg8 48. Qe8+ Kh7 49. Qe4+ Rg6 50. Qh4+ Kg8 51. Qd8+
1/2-1/2

[Event "Interpolis"]
[Site "Tilburg"]
[Date "1992.10.12"]
[Round "2.2"]
[White "Jussupow, Artur"]
[Black "Goldin, Alexander"]
[Result "1/2-1/2"]
[WhiteElo "2640"]
[BlackElo "2575"]
[Annotator "Jussupow,A"]
[PlyCount "82"]
[EventDate "1992.10.08"]
[EventType "k.o."]
[EventRounds "7"]
[EventCountry "NED"]
[SourceTitle "CBM 032"]
[Source "ChessBase"]
[SourceDate "1993.02.01"]
[SourceVersion "1"]
[SourceVersionDate "1993.02.01"]
[SourceQuality "1"]

1. d4 d5 2. Nf3 Nf6 3. c4 e6 4. Nc3 Be7 5. Bf4 O-O 6. e3 c5 7. dxc5 Bxc5 8.
cxd5 Nxd5 9. Nxd5 exd5 10. a3 Nc6 11. Bd3 Bb6 12. O-O Qf6 13. b4 Bf5 (13... Bg4
$6 14. h3 Bf5 15. b5 Nd4 16. Bxf5 Nxf3+ 17. Qxf3 Qxf5 18. Rfd1 Rad8 $2 (18...
Rfd8 $142) 19. Rac1 d4 20. Bc7 Qxf3 21. gxf3 Rd5 22. Bxb6 axb6 23. Rxd4 Rxb5
24. Rc7 $16 {Yusupov,A-Beliavsky,A/Linares/1990/}) 14. b5 Nd4 $1 (14... Na5 15.
Be5 Qe6 16. Bxf5 Qxf5 17. Bd4 Rfc8 18. Ra2 h6 (18... Rc7 19. Bxb6 axb6 20. Rd2
Rd8 21. e4 $1 $16) 19. Rd2 $14) 15. Bxf5 (15. Ne5 Bxd3 16. Qxd3 Rfd8 (16... Qf5
$2 17. Qxf5 Nxf5 18. Nd7 Rfc8 19. Rfd1 $16) 17. a4 (17. Ng4 Qg6 18. Qxg6 Ne2+
$15 {Lputian}) (17. Bg3 Ne6 {/\d4=/+ Lputian}) (17. exd4 Qxf4 $15 {Lputian})
17... Ne6 18. a5 Bc7 (18... Bc5 19. Bg3 d4 20. Qe4 $14 {Lputian}) (18... Nxf4
19. exf4 Bc7 20. Qd4 $14 {Lputian}) 19. Ng4 Qg6 (19... Qe7 20. Bxc7 Qxc7 $10 {
Lputian,S-Beliavsky,A/USSR/1991/ 52/407} (20... Nxc7 21. f3 $10 {Lputian})) 20.
Qxg6 hxg6 21. Bxc7 Nxc7 22. Rfb1 $14 {Brenninkmeijer,J-Van der Sterren,P/
Nederland-ch/1992/}) (15. Nxd4 Bxd4 16. Rc1 Bb6 17. Bxf5 Qxf5 18. Bc7 Qe4 19.
Qc2 (19. Qf3 $14 {Seirawan}) 19... Qxc2 20. Rxc2 d4 $10 {Seirawan,Y-Beliavsky,
A/Belgrade/1991/}) 15... Nxf3+ 16. Qxf3 Qxf5 17. Rfd1 (17. a4 Rfd8 $6 (17...
Rac8 $142 18. Rfd1 Rfd8 19. a5 Bc5 20. Rac1 $14 {Gurevich}) 18. a5 Bc5 19. Bc7
Qxf3 20. gxf3 Rd7 21. b6 $14 {Gurevich,M-Beliavsky,A/Belgrade/1991/ 53/392})
17... Rfd8 (17... d4 18. exd4 Qxb5 19. Qxb7 Rad8 20. Be3 $16) 18. a4 Rac8 $1
19. h3 $6 (19. a5 Bc7 (19... Bc5 20. Rac1 $14) 20. Bxc7 Qxf3 21. gxf3 Rxc7 22.
Rac1 $14) 19... h6 20. a5 Bc7 $1 21. Bxc7 Qxf3 22. gxf3 Rxc7 23. Rac1 Rxc1 24.
Rxc1 d4 $10 25. exd4 Rxd4 26. Rc8+ Kh7 27. Rc7 Ra4 28. Rxf7 Rxa5 29. Rxb7 a6
30. b6 Rb5 31. Kg2 a5 32. f4 a4 33. Kf3 a3 34. Ra7 Rxb6 35. Rxa3 Kg6 36. Ra5
Kf6 37. Kg4 Rc6 38. Rf5+ Ke6 39. h4 Ra6 40. Rf8 Ke7 41. Rb8 Kf6 1/2-1/2

[Event "Dortmund SuperGM 25th"]
[Site "Dortmund"]
[Date "1997.07.07"]
[Round "4"]
[White "Kramnik, Vladimir"]
[Black "Jussupow, Artur"]
[Result "1-0"]
[WhiteElo "2770"]
[BlackElo "2640"]
[Annotator "Jussupow,A"]
[PlyCount "87"]
[EventDate "1997.07.04"]
[EventType "tourn"]
[EventRounds "9"]
[EventCountry "GER"]
[EventCategory "18"]
[SourceTitle "CBM 060"]
[Source "ChessBase"]
[SourceDate "1997.09.29"]
[SourceVersion "1"]
[SourceVersionDate "1997.09.29"]
[SourceQuality "1"]

1. Nf3 {Ftacnik Stohl} d5 2. d4 Nf6 3. c4 e6 4. Nc3 Be7 5. Bf4 ({Stohl: Two
years ago in Dortmund Kramnik was successfull with} 5. Qc2 $5 {(wins against
Beliavsky and Short).} O-O 6. Bg5 h6 7. Bxf6 Bxf6 8. Rd1 c5 $1 (8... g6 9. e3
c6 10. Bd3 dxc4 11. Bxc4 Nd7 12. h4 Bg7 13. a3 Qe7 14. Ba2 b6 15. Bb1 h5 16.
O-O Bb7 17. Ng5 Rfd8 18. Ba2 Nf6 19. e4 Ng4 20. e5 Rd7 21. Ne2 Rad8 22. Bxe6
fxe6 23. Qxg6 Nxe5 24. Qh7+ Kf8 25. Nf4 {1-0,Kramnik,V-Short,N/Dortmund/1995/})
9. dxc5 Qa5 10. cxd5 exd5 11. Qd2 Bxc3 12. Qxc3 Qxc3+ 13. bxc3 Na6 14. e3 Nxc5
15. Rxd5 b6 16. Rd4 Bb7 17. Bc4 Rac8 18. Ne5 Bxg2 19. Rg1 Bh3 20. Ng6 Rfe8 21.
Nf4 Be6 22. Nxe6 Nxe6 23. Bxe6 Rxe6 $17 {San Segundo,P-Van der Sterren,P/
Linares zt/1995/}) 5... O-O 6. e3 c5 7. dxc5 Bxc5 8. Qc2 {Stohl: The main move.
} (8. a3 {Stohl} Nc6 {Earlier Kramnik experimented with} 9. Rc1 (9. Be2 dxc4
10. Bxc4 Nh5 $1 (10... Qxd1+ $6 11. Rxd1 b6 12. e4 Bb7 13. e5 Ng4 14. Ne4 Rfd8
15. O-O Na5 16. Nxc5 Bxf3 17. Rxd8+ Rxd8 18. Nxe6 $1 Re8 19. Nc7 Rc8 20. e6
Nxc4 21. e7 Bc6 22. Rd1 Re8 23. Nxe8 Bxe8 24. Rd8 Nf6 25. Bg5 {1-0,Kramnik,
V-Yusupov,A/Moscow PCA-Intel GP 25'/1995/}) 11. Bg5 Be7 $11 {equalizes
reliably.}) 9... d4 $1 10. Nxd4 e5 11. Nb3 Bxa3 $1 12. bxa3 exf4 13. Qxd8 Rxd8
14. exf4 Be6 15. f3 b6 16. Kf2 Nd4 17. Nxd4 Rxd4 18. Ke3 Rd7 19. Be2 Re8 20.
Kf2 Rc8 $44 {Kramnik,V-Beliavsky,A/Belgrade/1993/}) 8... Nc6 9. a3 Bd7 {
Stohl: Yusupov's specialty, but it's dubious if this move is better than the
ordinary} (9... Qa5 {Stohl} {once he already played} 10. Nd2 ({Kramnik is no
fan of the sharp lines after} 10. O-O-O Be7 11. g4 (11. h4 $5)) 10... Bb4 (
10... Be7 $5) 11. cxd5 Nxd5 (11... exd5 $142) 12. Nxd5 exd5 13. Bd3 h6 14. Rc1
Be7 15. O-O Be6 16. Nb3 Qb6 17. Nc5 Rac8 18. Nxe6 fxe6 19. Qe2 Bf6 20. Qh5 Ne7
21. b4 $36 {Kramnik,V-Huebner,R/BL/1993/}) 10. Rd1 (10. cxd5 exd5 11. Be2 (11.
Rd1 Be6 12. Be2 h6 (12... Rc8 $5 13. O-O Qe7 {-10.Rd1}) 13. O-O Qe7 14. Na4 $14
) 11... d4 $1 $10) 10... Rc8 11. Be2 {Stohl: The exchange on d5 gives Black
space and eases the defence:} (11. Bg5 Be7 12. Bxf6 Bxf6 13. cxd5 exd5 14. Rxd5
Qe7 (14... Ne7 15. Rd2 Bxc3 16. bxc3 Qc7 17. Bd3 g6 18. O-O Qxc3 19. Bxg6 $1
Qg7 20. Qb1 Bh3 21. gxh3 Nxg6 22. Kh1 $16 {1-0 Forintos,G-Averkin,O/Hungary
1969 (37)}) 15. Bd3 g6 $44 16. O-O Be6 17. Rb5 Rfd8 18. Be4 a6 19. Rb6 Na5 20.
Qa4 Qc5 21. Rb4 Qc7 22. Nd4 Bc4 $17 {0-1 Browne,W-Christiansen,L/Jacksonville
ch-US m 1990 (37)}) (11. cxd5 exd5 12. Be2 (12. Nxd5 $2 Nxd5 13. Rxd5 (13. Qxc5
Ncb4 $40) 13... Nb4 $1 $17) 12... Qe7 (12... Be7 13. O-O Qb6 14. Qb1 Be6 15.
Bd3 Na5 16. Be5 g6 17. Bd4 $14 {1/2-1/2 Yrjola,J-Dutreeuw,M/Debrecen EU-tch
FIN-BEL 1992 (42)}) (12... Be6 13. O-O Be7 (13... h6 14. Nxd5 $16 Nxd5 15. Qxc5
Nxf4 16. exf4 Qf6 17. Qb5) 14. Ng5 $14) 13. O-O Be6 14. Rd2 (14. Ne5 Bd6 15.
Nxc6 bxc6 16. Bxd6 Qxd6 17. Rd2 Qe5 18. Qa4 Rc7 19. Rc1 Rb8 20. Bf3 $14 {
Van Der Sterren,P-Martens,M/Nederland ch 1993/1-0 (73)}) (14. Bg5 $5 Rfd8 15.
Qa4 {/\ Rd1-d2,Rf1-d1; Qa4-h4-> d5} (15. Rd2 h6 16. Bxf6 Qxf6 17. Rfd1 Ne7 $13)
15... h6 16. Bh4 a6 (16... g5 $5 17. Bg3 Bf5 $5) 17. Rd2 g5 $8 18. Bg3 (18.
Nxg5 $6 hxg5 19. Bxg5 Kg7 $17) 18... Bf5 19. Rfd1 Be4 (19... Qe6 $5 20. b4 Ba7
21. b5 $1 $14) 20. Nxe4 dxe4 21. Rxd8+ Rxd8 22. Nd2 $5 $14 {1/2-1/2 Banguiev,
A-Jussupow,A/BL 1993 (31)} (22. Nd2 {Stohl} Bd6 $11 {Bangiev,A-Yusupov,A/BL/
1993/})) 14... Rfd8 15. Rfd1 h6 16. Ne5 Bd6 17. Nxc6 bxc6 18. Bxd6 Rxd6 19. Bf3
Rcd8 20. Ne2 Ne4 21. Bxe4 dxe4 22. Nd4 Qg5 23. Nxe6 Rxd2 24. Rxd2 Rxd2 25. Qxd2
fxe6 $14 {Martin-Dutreeuw/Haringey 1988/0-1 (68)}) 11... dxc4 (11... Be7 $5 {
Stohl}) (11... Be7 {Ftacnik} 12. cxd5 (12. O-O Na5 $6 13. Ne5 $16) 12... Nxd5
$5 13. Nxd5 exd5 14. Qb3 Qa5+ $13) 12. O-O $5 {Stohl: Black's main problem in
this line is to escape from the dangerous X-ray on the d-file and find a good
square for his Q.} (12. Bxc4 Qa5 13. O-O Rfd8 14. e4 $5 (14. Ne4 Be7 15. Nd6
Bxd6 16. Bxd6 b5 17. Ba2 Nd4 18. Qd2 Nxf3+ 19. gxf3 Qxd2 20. Rxd2 Bc6 $10 {
Gelfand, Kapengut}) (14. Qb3 Bb6) (14. b4 Nxb4 15. axb4 Bxb4 16. Ne4 b5) 14...
Nh5 15. Bc1 (15. Bg5 Be7 $1 $10 {/\} 16. Nd5 $2 exd5 17. exd5 Ne5 18. Bxe7 Rxc4
19. Bxd8 Qxd8 20. Qe2 Nxf3+ $17 {Gelfand, Kapengut}) 15... Qc7 $6 (15... Be7
$142 16. Qe2 $14 {Gelfand, Kapengut} (16. Qe2 {Stohl} Ne5 $5 $132)) 16. Nb5 Qb8
17. Bxe6 $1 $16 {1/2-1/2 Gelfand,B-Jussupow,A/Linares 1991 (59)} (17. Bxe6 $1 {
Ftacnik} Bxf2+ 18. Qxf2 Bxe6 19. Rxd8+ Nxd8 20. Nxa7 {Gelfand,B-Yusupov,A/
Linares (11)/1991/1/2-1/2 (60)})) 12... a6 $2 {Stohl: Now Black gets under
strong pressure, which Kramnik will relentlessly increase.} (12... Be7 $142 13.
Bxc4 Qb6 (13... Qa5 14. Qb3 Rfd8 15. Qxb7 e5 16. Bg3 Rb8 17. Qa6 Qxa6 18. Bxa6
e4 19. Ne5 Rxb2 20. Rxd7 Rxd7 21. Nxc6 $16 {1/2-1/2 Portisch,L-Westerinen,H/
Nice ol 1974 (34)} (21. Nxc6 {Ftacnik} Bxa3 22. Ne5 Re7 23. Rd1 h5 {1/2-1/2
Portisch,L-Westerinen,H/Nice olm/1974 (35)})) (13... Nh5 14. Bd3 $5 g6 15. Bh6
$16) 14. Ng5 (14. Ba2 $5 Rfd8 15. Nd2 {/\ Nc4+/=}) 14... h6 (14... Rfd8 $6 15.
Nce4 $16) 15. Nge4 (15. Rxd7 $2 hxg5 $19) 15... Na5 (15... Nxe4 16. Qxe4 Na5 $5
17. Rxd7 $1 Rxc4 18. Qf3 Bf6 19. Bd6 Rd8 20. Rxd8+ Qxd8 21. Bb4 $14) 16. Nxf6+
Bxf6 17. Ba2 Bb5 (17... Bxc3 $5 18. Bb1 f5 $1 19. bxc3 Bb5 20. Rd6 $13) 18. Bb1
g6 19. Rd6 Qc5 20. Rxe6 Qc4 21. Nxb5 Qxc2 22. Bxc2 fxe6 23. Bxg6 Kg7 {1/2-1/2
Ruban,V-Geller,E/Sochi 1989}) (12... h6 $5 {Kramnik}) (12... Na5 $6 {Stohl} 13.
Ne5 (13. Bg5 Qc7 $5) 13... Qe7 14. Ne4 $40) 13. Bxc4 Nh5 {Stohl: Confirms,
that 12...a6?! was a loss of time.} (13... b5 {Stohl} 14. Bd3 Be7 15. Ne5 $36 (
15. Ne4 $5 $36)) (13... Be7 {Ftacnik} 14. Bd3 $14) 14. Ng5 (14. Bg5 {Ftacnik}
Be7) 14... g6 15. Nge4 $1 Be7 (15... Nxf4 $4 16. Rxd7 $1 $18 (16. Rxd7 $1 {
Ftacnik} Nh3+ 17. gxh3 Qh4 18. Nxc5 $18)) 16. Bd6 $6 {Stohl: White avoids all
the other tempting continuations} (16. Bh6 $142 Ng7 (16... Re8 $143 17. Nd6 $16
) 17. Be2 (17. Rd2 {Stohl} Ne5 18. Ba2 Qc7 $132 {[%cal Rf8d8] /\Rfd8}) 17...
Qc7 18. Bf4 $16 {Kramnik}) (16. Nd6 {Stohl} Rc7 17. Bh6 Ng7 $13 {and follows a
clear strategical plan, typical for this variation-play on the d-file,
utilizing the d6 outpost (all White's pieces, except the Q, will find their
way here!)}) 16... Bxd6 (16... f5 {Ftacnik} 17. Nc5 $18) 17. Rxd6 (17. Nxd6 {
Ftacnik} Rc7 18. Rd2 $14) 17... Nb8 $1 (17... Ne5 $5 18. Be2 f5 19. Bxh5 gxh5
20. Ng3 $14) (17... Qe7 $143 $6 {Stohl} 18. Be2 (18. Rxd7 $2 Qxd7 19. g4 Ne5
20. gxh5 f5 $1 $15) 18... f5 19. Bxh5 gxh5 20. Rfd1 $16 {[%csl Rf5,Rg8,Rh5,Rh7]
׻}) 18. Be2 Ng7 (18... Nf6 $143 {Stohl} 19. Rfd1 Nxe4 20. Qxe4 Qc7 21. Qd4 {
[%csl Rf6,Rg7,Rh6][%cal Gd1d7] <->d,׻}) 19. Rd3 (19. Rd2 $14 {/\b4, Qb2
Kramnik}) (19. Rfd1 {Stohl} Ne8 20. R6d3 $36 {is similar to the game.}) 19...
Qe7 (19... f5 $2 {Ftacnik} 20. Nd6 $16) 20. Qd2 Bc6 (20... Rfd8 $2 {Stohl} 21.
Rd1 $18 {with a deadly pin, so Black must cede the d-file.}) 21. Rd1 Rc7 (21...
Bxe4 $5 {Stohl} 22. Nxe4 Rc7 23. Nd6 Nc6 24. f4 $5 $36) (21... Nf5 {Ftacnik}
22. Bg4 $14) 22. Nd6 Nd7 {/\Ne5,Nc5,Nf5} (22... Rd8 $2 {Stohl} 23. Nf5 $18) (
22... Rd7 $5 {Stohl} 23. e4 e5 {/\} 24. Bg4 f5) 23. e4 $1 Ne8 (23... Ne5 24.
Rh3 {/\Qh6} (24. Rd4 {[%cal Rf2f4,Re4e5] Stohl /\f4,e5()}) (24. Rd4 $14 {
Ftacnik})) (23... Nc5 {Stohl} 24. Rh3 {[%cal Rd2h6,Ye4e5] /\Qh6,e5}) (23... e5
$142 $5 {Stohl} 24. Nc4 Nf6 $14) 24. Nxe8 Rxe8 25. Rd6 Rec8 $2 $138 (25... Nf6
$142 {/\Rd7} 26. e5 (26. Qf4 Rd7 27. e5 Nd5 $11) 26... Ne4 $11) (25... Ne5 {
Ftacnik} 26. f4 $14) 26. Qf4 $1 $14 (26. f4 $5 $36 {Stohl}) 26... Qf6 $6 {
Stohl: Black to his own disadvantage consistently ignores the e6-e5 advance.
Now it was his last chance:} (26... Nf6 $142 {Kramnik}) (26... Nf8 $142 {
Kramnik}) (26... e5 $1 {Stohl} 27. Qe3 Nf6 {with a playable position.}) 27. Qg3
$16 Nf8 {Stohl: Passive, but Black must take care of tactics:} (27... Qe5 $4
28. Rxd7 Qxg3 29. Rd8+ $18) (27... Qg7 $2 {Stohl} 28. Rxc6 $1 bxc6 29. Bxa6 {
costs a pawn.}) 28. h4 $1 Rd7 $6 (28... b5 $142 $16) 29. e5 {Stohl: Crowns
White's strategy.} Qg7 30. Bf3 $1 {[%csl Ge4]} Rxd6 $6 (30... Bxf3 $142 31.
Qxf3 Rdc7 $16 (31... Rcc7 {Stohl} 32. Ne4 $16) (31... Rdc7 {Ftacnik} 32. Qe4
Rc6 33. g3 $14)) (30... Rdc7 {Stohl} 31. Bxc6 Rxc6 32. Rd8 $1 {[%cal Rc3e4,
Re4f6] /\Ne4-f6-> paralyzes Black completely.} (32. Ne4 $143 Rxd6 33. exd6 Nd7)
) 31. exd6 Nd7 32. Bxc6 Rxc6 (32... bxc6 {Ftacnik} 33. Qd3 $16) 33. Qg5 $1 Qf8
(33... f6 34. Qe3 $1 Qf7 (34... e5 {Ftacnik} 35. Ne4 $14) 35. Qa7 $18 (35. Ne4
$16 {Stohl}) (35. Qa7 Nb6 $2 36. Qxb6 $1 Rxb6 37. d7 $18)) 34. Qe7 $18 {
Stohl: The decisive penetration. Kramnik now prepares an invasion by his R.}
Qc8 (34... Qxe7 {Ftacnik} 35. dxe7 Nf6 36. Ne4 $18) 35. Rd4 {/\Ne4,Qd7!} (35.
h5 $1 $18) (35. Ne4 $143 $2 {Stohl} Rc1 $132) 35... Rc5 (35... h6 {Ftacnik} 36.
h5 $40) 36. Ne4 Rf5 (36... Rc1+ {Ftacnik} 37. Kh2 e5 38. Rb4 Kh8 39. Ng5 $18)
37. Kh2 h5 $6 (37... Qc6 $142 $16) 38. f3 {Stohl: Useful prophylaxis before
taking the R to the c-file.} Qc6 (38... Kg7 {Ftacnik} 39. b3 b5 40. Rd3 $16)
39. Rd3 $1 Kg7 (39... Qb5 $142 40. Rc3 $40) (39... Rd5 {Ftacnik} 40. Rc3 Qb5
41. Rc8+ (41. Qxd7 Qxd7 42. Nf6+ Kg7 43. Nxd7 Rxd6 44. Rc7 $18) 41... Kg7 42.
Qd8 $18) 40. Rc3 Qb5 41. Rc8 $18 {/\Qd8-h8# /\Qe8(d8)->} Qxb2 (41... Qe5+ {
Stohl} 42. Kh1 (42. Kh3 {Ftacnik} Rf4 43. Qd8 Kh6 44. Ng5 $18) 42... Rf4 (42...
Qf4 43. Qd8) 43. Rd8 $18) 42. Qxd7 (42. Qd8 {Stohl} Kh6 43. Nc3 $1 Nf6 44. Qf8+
$18) 42... Rxf3 43. Qd8 Qe5+ 44. g3 (44. Kg1 {Ftacnik} Qd4+) 1-0

[Event "Linares 11th"]
[Site "Linares"]
[Date "1993.??.??"]
[Round "12"]
[White "Gelfand, Boris"]
[Black "Jussupow, Artur"]
[Result "1/2-1/2"]
[WhiteElo "2670"]
[BlackElo "2645"]
[Annotator "Jussupow,A"]
[PlyCount "109"]
[EventDate "1993.02.??"]
[EventType "tourn"]
[EventRounds "13"]
[EventCountry "ESP"]
[EventCategory "18"]
[SourceTitle "CBM 034"]
[Source "ChessBase"]
[SourceDate "1993.06.01"]
[SourceVersion "1"]
[SourceVersionDate "1993.06.01"]
[SourceQuality "1"]

1. Nf3 d5 2. c4 e6 3. d4 Nf6 4. Nc3 Be7 5. Bf4 O-O 6. e3 c5 7. dxc5 Bxc5 8. Qc2
Nc6 9. a3 Qa5 10. O-O-O Be7 11. g4 dxc4 12. Bxc4 e5 13. g5 exf4 14. gxf6 Bxf6
15. Nd5 Ne7 16. Nxf6+ gxf6 17. Rhg1+ (17. Nd4 Bf5 (17... Bd7 18. Nb3 Qa4 19.
Rhg1+ Kh8 20. Qc3 $13) (17... Qe5 18. Kb1 fxe3 $142 (18... b5 $2 19. Bd3 $16 {
Shabalov-Kruppa, Minsk 1990}) 19. fxe3 Kh8) 18. Nxf5 Qxf5 $13) 17... Kh8 18.
Qe4 Ng6 (18... Qc5 $6 19. Qxf4 Bf5 20. b4 Qc6 {Ambarcumjan-Magomedov, Frunze
1989} 21. Kb2 $1 $16 {Khalifman}) 19. Qd4 $5 (19. Rd5 $6 Qc7 20. Qd4 Be6 $1 21.
Rc5 Qe7 $17 {Shabalov - Kruppa, Nab.Chelni 1988}) 19... Qb6 20. Qxb6 (20. exf4
$6 {Gulko-J.Rodriguez, Sevilla 1992}) 20... axb6 21. Rd6 Bh3 $5 $146 (21...
fxe3 22. fxe3 Ra5 $1 (22... Ne5 $6 23. Nxe5 fxe5 24. Rxb6 $16 {S.Ivanov-I.
Alexandrov, Leningrad 1989}) (22... Bf5 23. Rxf6 $1 Rac8 24. Rxf5 Rxc4+ 25. Kd2
$14 {Khalifman}) (22... Ra4 23. Bd3 $1 {Gelfand,Kapengut NIC YB/26-93}) 23. Kd2
(23. Bd5 b5 $1 24. Kd2 (24. Rxf6 b4 $15 {Khalifman}) (24. Nd4 b4 25. Nb3 Rxd5
$1 $15 {Khalifman}) 24... Ra6 $1 $10 {Khalifman}) (23. Rxb6 Rc5 24. b3 Be6 25.
Nd2 Ne5 $10 {Khalifman}) 23... Rf5 (23... Rc5 24. Bd5 $14 (24. Bd3 {Ftacnik}
Rc6 $10) 24... Kg7 (24... Ne7 $6 25. Bxf7 $1 $16 {Khalifman}) 25. Nd4 Re8 26.
e4 Re5 27. Rf1 Ne7 28. Rdxf6 $14 {Lputian - Van der Sterren, Wijk an Zee 1993})
24. Rf1 (24. Be2 Ne5 25. Nxe5 Rxe5 $10 {Khalifman}) (24. Bd5 Ne5 $1 (24... Ne7
25. Be4 Rb5 26. b4 f5 27. Nd4 Re5 28. Bf3 $16 {Khalifman}) 25. Nxe5 (25. Rg3 b5
$10) 25... fxe5 (25... Rxe5 26. Bxf7 $1 $16) 26. Rxb6 Rf2+ 27. Kc3 Rxh2 28.
Bxb7 f5 $1 $13 {Khalifman}) (24. Rg3 Rc5 $1 25. Bd5 Ne7 26. Bxf7 $2 Nf5 {
Khalifman}) 24... Rc5 $1 25. Bd3 (25. Bd5 Ne7 $10 {Khalifman}) 25... Rc6 $1 $10
{Kasparov - Khalifman, Reggio Emilia 1991 -53/394}) 22. Kb1 (22. Bd5 $5 Rac8+
23. Kb1 Rfd8 24. Rxd8+ Rxd8 25. Bxb7 fxe3 26. fxe3 $10) 22... Bf5+ $1 (22...
fxe3 $6 23. fxe3 Rae8 24. Rxf6 Rxe3 $14) 23. Ka1 (23. Bd3 Bxd3+ 24. Rxd3 Rfd8
$15) 23... Be4 24. Nd4 $1 (24. Nd2 Bc6 25. Rxf6 b5 $17 {/\b4}) 24... Ne5 25.
Bb5 $5 (25. Bb3 Rg8 $17) 25... fxe3 (25... f3 26. Rxf6 Rg8 27. Rg3 Rac8 28. b4
$13) 26. fxe3 Rg8 $15 27. Rf1 Rg6 28. Rdxf6 (28. Rxb6 $2 f5 $17) 28... Rxf6 29.
Rxf6 Rg8 30. Bf1 Rg6 31. Rf4 Rg4 32. Nb5 f5 33. Nd6 Rxf4 34. exf4 Ng6 $2 (34...
Ng4 $15) 35. Bh3 Nh4 36. b4 $14 Nf3 37. Nxf5 Nxh2 38. Nd6 Bf3 39. Kb2 h5 40.
Kc3 Ng4 41. Kd4 Kg7 42. Nf5+ Kf6 43. Nh4 Bc6 44. Bf1 Ke6 45. Bc4+ Kf6 46. Bd3
Ke6 47. Bf5+ Kd6 (47... Kf6 $2 48. Bg6) 48. Bg6 Nf6 49. Nf5+ Kd7 50. Ke5 Ng4+
$1 51. Kd4 Nf6 52. Bf7 Kc7 53. Ke5 Ng4+ 54. Kd4 (54. Ke6 $4 Bd7+ $19) 54... Nf6
$10 55. Ke5 1/2-1/2